Die Geschichte der Siebenbürger Sachsen
| Titel: | Die Geschichte der Siebenbürger Sachsen / von Wilhelm Andreas Baumgärtner |
|---|---|
| Verfasser: | |
| Veröffentlicht: | Hermannstadt [u.a.] : Schiller |
| Umfang: | 22 cm |
| Format: | Mehrteiliges Werk |
| Sprache: | Deutsch |
| Bände: |
alle Bände anzeigen
|
X
alg: 21377655
001A $06000:09-07-09
001B $06000:27-02-25 $t17:12:39.000
001D $00030:15-05-12
001U $0utf8
001X $00
002@ $0Acy
003@ $0213776553
006G $0994970900
006U $f20090626
007A $0994970900 $aDNB
010@ $ager
015@ $00
021A $aDie @Geschichte der Siebenbürger Sachsen $hvon Wilhelm Andreas Baumgärtner
028A $#Baumgärtner, W. A. $713298041X $8Baumgärtner, Wilhelm Andreas$Z1952- [Tp3] $9187015848
033A $pHermannstadt {[u.a.] $nSchiller
034I $a22 cm
044K $qDNB $RRumänien $#Siebenbürgen $#Siebenbürgen $#Fürstentum Siebenbürgen $#Transsilvanien $#Transsylvanien $#Transilvania $#Transylvania $#Ardeal $#Erdély $#Siedmiogród $#Sedmohradsko $#Sedmihradsko $74054835-1 $8Siebenbürgen [Tg1] $9085152552
044K $qDNB $#Banat $#Bánság $emaschinell gebildet $74004408-7 $8Banat [Tg1] $908500362X $k1
044K $qDNB $RRumänien $#Westrumänien $emaschinell gebildet $74445764-9 $8Rumänien$zWest [Tg1] $9088806987 $k1
044K $qDNB $#Buchholz $#Boholc $emaschinell gebildet $74777489-7 $8Boholţ [Tg1] $9120801582 $k1
045E $c940
045F $a949.84 $eDDC22ger
045F/01 $a949.8
045F/03 $g4984
045G $a390.09439 $eDDC23BSB
045G/01 $a390
045G/03 $g439
045G/03 $g498
045R $aGeschichte
lok: 21377655 3
101B $015-05-12 $t12:25:49.000
101C $015-05-12
101U $0utf8
145S/01 $a039
exp: 21377655 3 1 #EPN
201B/01 $015-05-12 $t12:25:49.000
201C/01 $015-05-12
201U/01 $0utf8
203@/01 $0643334734
208@/01 $a15-05-12 $bda
lok: 21377655 11
exp: 21377655 11 1 #EPN
201B/01 $030-03-22 $t06:42:08.000
201C/01 $030-03-22
201U/01 $0utf8
203@/01 $01188438492
208@/01 $a30-03-22 $bda
209B/01 $azur Fortsetzung $x09
lok: 21377655 24
exp: 21377655 24 1 #EPN
201B/01 $019-04-22 $t22:04:12.000
201C/01 $019-04-22
203@/01 $01194080693
208@/01 $a19-04-22 $bdummy
201U/01 $0utf8
lok: 21377655 78
exp: 21377655 78 1 #EPN
201B/01 $013-11-24 $t11:44:40.000
201C/01 $013-11-24
201U/01 $0utf8
203@/01 $01283205416
208@/01 $a13-11-24 $be
209A/01 $a/ $f000 $x00
209A/01 $ab*p $x01
220C/01 $apgar
244Z/01 $#Ungarn $#Ungarn $#Ungarische Räterepublik $#Königreich Ungarn $#Die @Länder der ungarischen Krone $#Transleithanien $#Magyarország $#Magyar Köztársaság $#Magyar Tanácsköztársaság $#Government of the Hungarian Republic $#Zemalja Ugarske Krune $#VNR $#Ungern $#Ungarische Republik $#Republik Ungarn $#Ungarische Volksrepublik $#Volksrepublik Ungarn $#Magyar Népköztársaság $#Hungary $#Hungarian Republic $#Hongrie $#Vengerskaja Narodnaja Respublika $#Hungarian People's Republic $#HPR Hungarian People's Republic $#République Populaire Hongroise $#Ungarische VR $#Republic of Hungary $#Vengrija $74078541-5 $8--Tgz--Ungarn $x08 $9085222712
247C/01 $82080>Marburg/Lahn, Herder-Institut, Forschungsbibliothek, Bibliographieportal $9336309341
lok: 21377655 204
exp: 21377655 204 1 #EPN
201B/01 $023-02-24 $t13:41:49.000
201U/01 $0utf8
203@/01 $0697923614
208@/01 $a18-07-13 $bdaUB
| LEADER | 00000cam a22000002ca4500 | ||
|---|---|---|---|
| 001 | 213776553 | ||
| 003 | DE-603 | ||
| 005 | 20250227171239.0 | ||
| 007 | tu | ||
| 008 | 090709s xx |||| | u00||u|ger | ||
| 016 | 7 | |2 DE-101 |a 994970900 | |
| 035 | |a (DE-599)DNB994970900 | ||
| 040 | |a DE-603 |b ger |c DE-603 |d DE-603 | ||
| 041 | |a ger | ||
| 082 | 0 | 4 | |8 4\u |a 949.84 |q DE-101 |2 22/ger |
| 083 | 0 | |8 5\u |a 390.09439 |q DE-101 |2 23/BSB | |
| 084 | |a 940 |q DE-101 |2 sdnb | ||
| 085 | |8 4\u |b 949.8 | ||
| 085 | |8 4\u |z 2 |s 4984 | ||
| 085 | |8 5\u |b 390 | ||
| 085 | |8 5\u |z 2 |s 439 | ||
| 085 | |8 5\u |z 2 |s 498 | ||
| 100 | 1 | |a Baumgärtner, Wilhelm Andreas |d 1952- |0 (DE-603)187015848 |0 (DE-588)13298041X |2 gnd | |
| 245 | 0 | 0 | |a Die Geschichte der Siebenbürger Sachsen |c von Wilhelm Andreas Baumgärtner |
| 264 | 1 | |a Hermannstadt [u.a.] |b Schiller | |
| 300 | |c 22 cm | ||
| 648 | 7 | |a Geschichte |2 gnd | |
| 651 | 7 | |a Siebenbürgen |0 (DE-588)4054835-1 |0 (DE-603)085152552 |2 gnd | |
| 651 | 7 | |8 1\p |a Banat |0 (DE-588)4004408-7 |0 (DE-603)08500362X |2 gnd | |
| 651 | 7 | |8 2\p |a Rumänien |0 (DE-588)4445764-9 |0 (DE-603)088806987 |2 gnd | |
| 651 | 7 | |8 3\p |a Boholţ |0 (DE-588)4777489-7 |0 (DE-603)120801582 |2 gnd | |
| 883 | 0 | |8 1\p |a maschinell gebildet |c 1 |q DE-101 | |
| 883 | 0 | |8 2\p |a maschinell gebildet |c 1 |q DE-101 | |
| 883 | 0 | |8 3\p |a maschinell gebildet |c 1 |q DE-101 | |
| 924 | 0 | |9 603 |a (DE-603)643334734 |b DE-603 |c HES |d d | |
| 924 | 0 | |9 603 |a (DE-603)1188438492 |b DE-603 |c HES |d d | |
| 924 | 0 | |9 603 |a (DE-603)1194080693 |b DE-603 |c HES |d d | |
| 924 | 0 | |9 2080 |a (DE-603)1283205416 |b DE-2080 |c HES |d d |g / | |
| 924 | 0 | |9 603 |a (DE-603)697923614 |b DE-603 |c HES |d d | |


